Statistiche per Franchise di film su videogiochi con maggiori incassi nella storia

Clicka qui per fare il quiz!

Statistiche generali

  • Questo quiz è stato fatto 14 volte
  • Il punteggio medio è 3 su 12

Statistiche sulle risposte

Incassi totali ($)Numero di filmFranchise% Corretto
1 401 593 0042Mario
57%
1 279 538 32010Resident Evil
57%
705 859 5313Tomb Raider
57%
1 517 287 06224Pokémon
50%
726 375 5442Sonic the Hedgehog
43%
155 967 8402Silent Hill
29%
500 125 9762Angry Birds
14%
128 187 7223Street Fighter
14%
204 411 23018Digimon
7%
183 623 9742Hitman
7%
267 083 2523Mortal Kombat
7%
217 511 8786Yo-kai Watch
0%

Distribuzione punteggi

Percentile per numero di risposta

Percentuale di utenti per punteggio

I tuoi punteggi nel tempo

Non hai fatto questo quiz